000 00800nam a2200229Ia 4500
001 15469
003 GE_BSU
008 181216s||||||||xx |||||||||||||| ||und||
040 _cGE_BSU
080 _a82-93+821.353.1-32
100 _aჩხაიძე,ალექსანდრე
245 _aროცა მთავრდება ბავშვობა
245 _bმოთხრობები
245 _cრედ.გ.კიკილაშვილი. მხატვ. ნ.იგნატოვა
260 _aთბილისი
260 _bნაკადული
260 _c1965
300 _a234გვ.ილ.21სმ.
653 _aმოთხრობები
653 _aროცა მთავრდება ბავშვობა
942 _cBK
999 _c48570
_d48570